000 00434nam a2200157Ia 4500
003 OSt
005 20230531095343.0
008 211028s2007 xx 000 0 und d
040 _cAIMIT LIBRARY
041 _aeng
100 _aShilpa, S; Leelavathy.
_g50971414
_98954
110 _aLeelavathy
_98955
245 _aCreation of Systemic Lupus Erthymetosus (SLEDS) with query systems.
260 _aMangalore
_c2007
942 _2ddc
_cPRO
999 _c220140
_d220140